Gestão de carreiras na era do conhecimento : (Record no. 1022)

MARC details
000 -LÍDER
Campo Fixo de Controle 00844nam a2200241 a 4500
001 - NÚMERO DE CONTROLE
Campo de Controle 1022
003 - IDENTIFICAÇÃO DO NÚMERO DE CONTROLE
Campo de Controle BR-CuiBMT
005 - DATA E HORA DA ÚLTIMA ATUALIZAÇÃO
Campo de Controle 20231126012626.0
008 - DADOS FIXOS
Dados Fixos 231126s2001 rjba 001 0 por d
020 ## - INTERNATIONAL STANDARD BOOK NUMBER
Nº do ISBN 8573033150
040 ## - AGÊNCIA CATALOGADORA
Código da Agência Catalogadora BR-CuiBMT
Agência que transcreveu o registro BR-CuiBMT
080 ## - Nº DA CLASSIFICAÇÃO DECIMAL UNIVERSAL
Nº edição CDU 2007
Nº Class. CDU 658.3:001.101
090 ## - NÚMERO DE CHAMADA
Nº classificação 658.3:001.101
Cutter M386g
100 1# - ENTRADA PRINCIPAL -- AUTOR PESSOAL
Nome pessoal Martins, Hélio Tadeu
245 10 - TÍTULO PRINCIPAL
Título principal Gestão de carreiras na era do conhecimento :
Subtítulo abordagem conceitual e resultados de pesquisa /
Indicação de responsabilidade Hélio Tadeu Martins.
260 ## - PUBLICAÇÃO, DISTRIBUIÇÃO, ETC.
Local de publicação Rio de Janeiro :
Editora Qualitymark,
Data c2001.
300 ## - DESCRIÇÃO FÍSICA
N. páginas ou volumes xvi, 183 p. :
Ilustrações il. ;
Dimensões 23 cm
504 ## - NOTA DE BIBLIOGRAFIA, ETC.
Nota de bibliografia Inclui bibliografia.
650 ## - ASSUNTO TÓPICO
Cabeçalho tópico ou nome geográfico Gestão de carreira
Subdivisão geral Desenvolvimento profissional
650 ## - ASSUNTO TÓPICO
Cabeçalho tópico ou nome geográfico Administração de pessoal
Subdivisão geral Plano de carreira
650 ## - ASSUNTO TÓPICO
Cabeçalho tópico ou nome geográfico Gestão do conhecimento
Subdivisão geral Qualificações profissionais
942 ## - ELEMENTOS DE ENTRADA ADICIONAIS (KOHA)
Fonte de classificação ou esquema de arquivamento Classificação Decimal Universal
Tipo de item do Koha Livros
Holdings
Estado: removido Estado: perdido Fonte de classificação ou esquema de arquivamento Estado: danificado Indisponível para empréstimo Localização permanente Localização atual Data de aquisição Total Checkouts Número de Chamada completo Código de barras Date last seen Número do exemplar Preço efetivo a partir de Tipo de item (Koha)
    Classificação Decimal Universal     Biblioteca da Escola Superior de Contas do TCE/MT Biblioteca da Escola Superior de Contas do TCE/MT 26/11/2023   658.3:001.101 M386g BIBTCEMT23111110 26/11/2023 Ex. 1 26/11/2023 Livros

Powered by Koha